| 000 | 00738nam a22002532 4500 | ||
|---|---|---|---|
| 001 | 13238 | ||
| 003 | BD-RjUL | ||
| 005 | 20211208235426.0 | ||
| 008 | 140130t1964 enk 000 0 eng d | ||
| 035 | _a(BD-RjUL)13289 | ||
| 040 |
_aALM _cALM _dNLM _dUKM _dEQO _dBD-RjUL _beng |
||
| 041 | _aeng | ||
| 060 | 0 |
_aQT 255 _bR252b 1964 |
|
| 082 | 0 | 4 |
_a613.71 _218 _bRAB 1964 |
| 090 |
_aGV546 _b.R36 |
||
| 100 | 1 |
_aRavelle, Lou. _941230 |
|
| 245 | 1 | 0 |
_aBodybuilding for everyone / _cLou Ravelle. |
| 260 |
_aLondon : _bS.Paul, _cc1964. |
||
| 300 |
_a122 p. : _billus. ; _c22 cm. |
||
| 500 | _aStamped on t. p.: Distributed by Sportshelf New Rochelle, N. Y. | ||
| 650 | 0 |
_aWeight lifting. _941231 |
|
| 650 | 2 |
_aGymnastics. _941232 |
|
| 942 |
_2ddc _cBK |
||
| 999 |
_c13238 _d13238 |
||